|
|
|
|
| LEADER |
00000nab a2200000 a 4500 |
| 001 |
vtls000579926 |
| 003 |
SK-MaSNL |
| 005 |
20260304090112.0 |
| 008 |
250425c1996 xo 0 slo |
| 015 |
|
|
|a SNBRB19rr/mm-uuuuu
|
| 035 |
|
|
|a CL0580064
|
| 035 |
|
|
|a urn:nbn:sk:snk-abdpbt
|
| 035 |
|
|
|a (urnnbn)urn:nbn:sk:snk:ar-001r7p
|
| 035 |
|
|
|a (uuid)4d46e4df-32e3-4f1c-994b-7d6964047b1b
|
| 040 |
|
|
|a SNKBUCL
|b slo
|c SNKBUCL
|e AACR2
|
| 041 |
0 |
|
|a slo
|
| 044 |
|
|
|a xo
|c SK
|
| 080 |
|
|
|a 725.84/.85(437.6):796.9.032.2
|2 1981
|
| 080 |
|
|
|a 796.9.032.2
|2 1981
|
| 245 |
0 |
0 |
|a Olympijské stredisko v Jasnej
|
| 300 |
|
|
|b Obr. 6
|
| 650 |
0 |
7 |
|a Zimné olympijské hry
|2 snkbucl
|9 980754
|
| 650 |
0 |
7 |
|a strediská olympijské
|2 snkbucl
|9 981394
|
| 650 |
0 |
7 |
|a Jasná
|2 snkbucl
|9 981395
|
| 655 |
|
7 |
|a články z novín a časopisov
|2 snkbucl
|9 267496
|
| 773 |
0 |
|
|t Projekt
|g Roč. 38, č. 1 (1996), s. 36-38
|
| 850 |
|
|
|a Slovenská národná knižnica
|
| 852 |
|
|
|a Slovenská národná knižnica
|
| 954 |
|
|
|a odborná, vedecká literatúra pôvodná (slovenská)
|2 lita
|
| 958 |
|
|
|a article19
|
| 958 |
|
|
|a RK
|
| 958 |
|
|
|a SK
|
| 958 |
|
|
|a OND
|
| 958 |
|
|
|a EUIPO
|
| 992 |
|
|
|a RBX
|
| 999 |
|
|
|c 2810313
|d 2812243
|